<?xml version="1.0" encoding="UTF-8"?>
<record
    xmlns:xsi="http://www.w3.org/2001/XMLSchema-instance"
    xsi:schemaLocation="http://www.loc.gov/MARC21/slim http://www.loc.gov/standards/marcxml/schema/MARC21slim.xsd"
    xmlns="http://www.loc.gov/MARC21/slim">

  <leader>00415nam a22001217a 4500</leader>
  <datafield tag="040" ind1=" " ind2=" ">
    <subfield code="c">SK</subfield>
  </datafield>
  <datafield tag="082" ind1=" " ind2=" ">
    <subfield code="a">658</subfield>
  </datafield>
  <datafield tag="100" ind1=" " ind2=" ">
    <subfield code="a">CHAN SARUN</subfield>
  </datafield>
  <datafield tag="245" ind1=" " ind2=" ">
    <subfield code="a">&#x1780;&#x17B6;&#x179A;&#x179C;&#x17B7;&#x1797;&#x17B6;&#x1782;&#x179B;&#x17BE;&#x1798;&#x17BB;&#x1781;&#x179A;&#x1794;&#x179A; &#x1793;&#x17B7;&#x1784;&#x1780;&#x17B6;&#x179A;&#x1794;&#x17D2;&#x179A;&#x17BE;&#x1794;&#x17D2;&#x179A;&#x17B6;&#x179F;&#x17CB;&#x1792;&#x1793;&#x1792;&#x17B6;&#x1793;&#x1798;&#x1793;&#x17BB;&#x179F;&#x17D2;&#x179F;&#x1780;&#x17D2;&#x1793;&#x17BB;&#x1784;&#x179C;&#x17B7;&#x179F;&#x17D0;&#x1799;&#x1780;&#x179F;&#x17B7;&#x1780;&#x1798;&#x17D2;&#x1798;&#x1793;&#x17C5;&#x1780;&#x1798;&#x17D2;&#x1796;&#x17BB;&#x1787;&#x17B6;</subfield>
  </datafield>
  <datafield tag="260" ind1=" " ind2=" ">
    <subfield code="a">RUA</subfield>
    <subfield code="b">CHA</subfield>
    <subfield code="c">1997</subfield>
  </datafield>
  <datafield tag="300" ind1=" " ind2=" ">
    <subfield code="a">90p.</subfield>
  </datafield>
  <datafield tag="942" ind1=" " ind2=" ">
    <subfield code="c">KB</subfield>
  </datafield>
  <datafield tag="999" ind1=" " ind2=" ">
    <subfield code="c">9001</subfield>
    <subfield code="d">9001</subfield>
  </datafield>
  <datafield tag="952" ind1=" " ind2=" ">
    <subfield code="0">0</subfield>
    <subfield code="1">0</subfield>
    <subfield code="4">0</subfield>
    <subfield code="6">658_000000000000000_CHA_1997_C243</subfield>
    <subfield code="7">0</subfield>
    <subfield code="9">50475</subfield>
    <subfield code="a">LBC</subfield>
    <subfield code="b">LBC</subfield>
    <subfield code="c">C243</subfield>
    <subfield code="d">2016-08-23</subfield>
    <subfield code="o">658 CHA 1997 C243</subfield>
    <subfield code="p">RUA062221</subfield>
    <subfield code="r">2016-08-23</subfield>
    <subfield code="y">KB</subfield>
  </datafield>
  <datafield tag="952" ind1=" " ind2=" ">
    <subfield code="0">0</subfield>
    <subfield code="1">0</subfield>
    <subfield code="4">0</subfield>
    <subfield code="6">658_000000000000000_CHA_1997_C243</subfield>
    <subfield code="7">0</subfield>
    <subfield code="9">50476</subfield>
    <subfield code="a">LBC</subfield>
    <subfield code="b">LBC</subfield>
    <subfield code="c">C243</subfield>
    <subfield code="d">2016-08-23</subfield>
    <subfield code="o">658 CHA 1997 C243</subfield>
    <subfield code="p">RUA047731</subfield>
    <subfield code="r">2016-08-23</subfield>
    <subfield code="y">KB</subfield>
  </datafield>
  <datafield tag="952" ind1=" " ind2=" ">
    <subfield code="0">0</subfield>
    <subfield code="1">0</subfield>
    <subfield code="4">0</subfield>
    <subfield code="6">658_000000000000000_CHA_1997_C243</subfield>
    <subfield code="7">0</subfield>
    <subfield code="9">50478</subfield>
    <subfield code="a">LBC</subfield>
    <subfield code="b">LBC</subfield>
    <subfield code="c">C243</subfield>
    <subfield code="d">2016-08-23</subfield>
    <subfield code="o">658 CHA 1997 C243</subfield>
    <subfield code="p">RUA047562</subfield>
    <subfield code="r">2016-08-23</subfield>
    <subfield code="y">KB</subfield>
  </datafield>
  <datafield tag="952" ind1=" " ind2=" ">
    <subfield code="0">0</subfield>
    <subfield code="1">0</subfield>
    <subfield code="4">0</subfield>
    <subfield code="6">658_000000000000000_CHA_1997_C243</subfield>
    <subfield code="7">0</subfield>
    <subfield code="9">50479</subfield>
    <subfield code="a">LBC</subfield>
    <subfield code="b">LBC</subfield>
    <subfield code="c">C243</subfield>
    <subfield code="d">2016-08-23</subfield>
    <subfield code="o">658 CHA 1997 C243</subfield>
    <subfield code="p">RUA047671</subfield>
    <subfield code="r">2016-08-23</subfield>
    <subfield code="y">KB</subfield>
  </datafield>
  <datafield tag="952" ind1=" " ind2=" ">
    <subfield code="0">0</subfield>
    <subfield code="1">0</subfield>
    <subfield code="4">0</subfield>
    <subfield code="6">658_000000000000000_RUA_1997_C251</subfield>
    <subfield code="7">0</subfield>
    <subfield code="9">51384</subfield>
    <subfield code="a">LBC</subfield>
    <subfield code="b">LBC</subfield>
    <subfield code="c">C251</subfield>
    <subfield code="d">2016-09-01</subfield>
    <subfield code="o">658 RUA 1997 C251</subfield>
    <subfield code="p">RUA045273</subfield>
    <subfield code="r">2016-09-01</subfield>
    <subfield code="y">KB</subfield>
  </datafield>
  <datafield tag="952" ind1=" " ind2=" ">
    <subfield code="0">0</subfield>
    <subfield code="1">0</subfield>
    <subfield code="4">0</subfield>
    <subfield code="6">658_000000000000000_RUA_1997_C189</subfield>
    <subfield code="7">0</subfield>
    <subfield code="9">51834</subfield>
    <subfield code="a">LBC</subfield>
    <subfield code="b">LBC</subfield>
    <subfield code="c">C189</subfield>
    <subfield code="d">2016-09-07</subfield>
    <subfield code="o">658 RUA 1997 C189</subfield>
    <subfield code="p">RUA047735</subfield>
    <subfield code="r">2016-09-07</subfield>
    <subfield code="y">KB</subfield>
  </datafield>
  <datafield tag="952" ind1=" " ind2=" ">
    <subfield code="0">0</subfield>
    <subfield code="1">0</subfield>
    <subfield code="4">0</subfield>
    <subfield code="6">658_000000000000000_RUA_1997_C248</subfield>
    <subfield code="7">0</subfield>
    <subfield code="9">52148</subfield>
    <subfield code="a">LBC</subfield>
    <subfield code="b">LBC</subfield>
    <subfield code="c">C248</subfield>
    <subfield code="d">2016-09-15</subfield>
    <subfield code="o">658 RUA 1997 C248</subfield>
    <subfield code="p">RUA047038</subfield>
    <subfield code="r">2016-09-15</subfield>
    <subfield code="y">KB</subfield>
  </datafield>
  <datafield tag="952" ind1=" " ind2=" ">
    <subfield code="0">0</subfield>
    <subfield code="1">0</subfield>
    <subfield code="4">0</subfield>
    <subfield code="6">658_000000000000000_RUA_1997_C249</subfield>
    <subfield code="7">0</subfield>
    <subfield code="9">52202</subfield>
    <subfield code="a">LBC</subfield>
    <subfield code="b">LBC</subfield>
    <subfield code="c">C249</subfield>
    <subfield code="d">2016-09-15</subfield>
    <subfield code="l">1</subfield>
    <subfield code="o">658 RUA 1997 C249</subfield>
    <subfield code="p">RUA046972</subfield>
    <subfield code="r">2017-10-16</subfield>
    <subfield code="s">2017-10-07</subfield>
    <subfield code="y">KB</subfield>
  </datafield>
</record>
